Statistics for Airlines Serving the Airports of Brazil

Click here to take the quiz!

General Stats

  • This quiz has been taken 315 times
    (206 since last reset)
  • The average score is 26 of 51

Answer Stats

Airports ServedAirlines% Correct
GIG | GRUDelta Air Lines
92%
GRULATAM Argentina
92%
AJU | BEL | BPS | BSB | BVB | CGB | CGH | CGR | CNF | CWB | FLN | FOR | GIG | GRU | GYN | IGU | IMP | IOS | JJG | JOI | JPA | JTC | LDB | MAB | MAO | MCP | MCZ | MGF | MOC | NAT | NVT | PMW | POA | PVH | RAO | RBR | REC | SDU | SLZ | SJP | SSA | STM | THE | UDI | VCP | VIX | XAPLATAM Brasil
92%
BSB | CWB | FLN | GIG | GRU | POALATAM Chile
92%
BSB | GIG | GRULATAM Paraguay
92%
BSB | GIG | GRU | IGU | POALATAM Perú
92%
BSB | GIG | GRU | MAOAmerican Airlines
91%
FOR | GIG | GRUAir France
88%
GIG | GRUUnited Airlines
87%
GIG | GRUBritish Airways
86%
AJU | BEL | BPS | BSB | BVB | CAC | CFW | CGB | CGH | CGR | CKS | CLV | CNF | CPV | CXJ | CWB | CZS | DOU | FEN | FLN | FOR | GIG | GRU | GYN | IGU | IOS | IZA | JDF | JDO | JJD | JOI | JPA | LDB | MAB | MAO | MCP | MCZ | MGF | MOC | NAT | NVT | OPS | PFB | PMW | PNZ | POA | PPB | PVH | RBR | REC | SDU | SLZ | SSA | STM | THE | UDI | VCP | VDC | VIX | XAPGOL
84%
GIG | GRULufthansa
82%
BEL | BSB | CNF | FOR | GIG | GRU | MCZ | NAT | POA | REC | SSATAP Portugal
82%
GRUAeroméxico
79%
GIG | GRUIberia
79%
GRUAir Canada
78%
GIG | GRUEmirates
77%
AAX | AFL | AJU | AQA | ARU | ARX | ATM | BEL | BPS | BRA | BSB | BVB | BVH | BYO | CAC | CAW | CFW | CGB | CGH | CGR | CKS | CLV | CMG | CNF | CPV | CXJ | CWB | DIQ | DOU | FEC | FEN | FLN | FOR | GEL | GIG | GPB | GRU | GVR | GYN | IGU | IMP | IOS | IZA | JDF | JDO | JJD | JJG | JOI | JPA | JPR | JTC | LAJ | LDB | LEC | MAB | MAO | MCP | MCZ | MEA | MGF | MOC | MVF | NAT | NVT | OAL | OPS | PAV | PET | PFB | PGZ | PHB | PMW | PNZ | POA | PPB | PTO | PVH | RAO | REC | RIA | ROO | RVD | SDU | SJK | SJP | SLZ | SSA | STM | TBT | TFF | THE | TJL | TOW | TXF | UBA | UDI | URG | VAG | VAL | VCP | VDC | VIX | XAPAzul Brazilian Airlines
75%
AIR | ATM | BEL | BVS | CFO | CGB | CIZ | GGB | GGF | JIA | LBR | MAO | MBZ | MCP | MEU | MII | PIN | PTQ | STM | SXO | TGQ | VCPAzul Conecta
75%
FOR | GIG | GRUKLM
75%
GIG | GRUAvianca
74%
GRUQatar Airways
72%
GIG | GRUAlitalia
70%
BSB | CNF | GIG | GRU | MAO | POA | REC | SSACopa Airlines
65%
GRUSwiss
65%
GRUTurkish Airlines
64%
BPS | CWB | FLN | GIG | GRU | NVT | SSAAerolíneas Argentinas
58%
GRUEthiopian Airlines
57%
GRUAir China
53%
FOR | GRU | REC | SSAAir Europa
47%
GRUTAAG Angola Airlines
40%
GIG | GRURoyal Air Maroc
38%
GRUBoliviana de Aviación
29%
FLN | GIG | GRUSky Airline
17%
GIGNorwegian Air UK
16%
BELSurinam Airways
16%
GIGEdelweiss Air
14%
FLN | GIG | GRU | POAFlybondi
14%
GRU | IGUJetSmart
14%
AJU | ARU | AUX | BRA | BSB | CGH | CWB | DOU | GIG | GRU | GYN | MII | PMW | PNZ | RAO | SDU | SJP | SSA | UDI | VDCVoePass
14%
GIG | GRU | IGUAmaszonas
12%
FOR | POA | REC | SSACabo Verde Airlines
11%
ATM | BEL | CAF | CGH | CIZ | ERN | JTC | LBR | MAO | MEA | PIN | TFF | UBAMAP Linhas Aéreas
11%
BSB | CWB | FLN | GIGParanair
8%
GIG | POAAustral Líneas Aéreas
6%
MAOAvior Airlines
4%
CAF | CIZ | MAO | SBUYTotal Linhas Aéreas
4%
NATCorendon Dütch Airlines
3%
BPG | CGB | GGB | JIA | JUA | SXO | TGQASTA
2%
LBR | MAO | OAL | PVHRima
1%
FEJ | RBR | TRQRio Branco Aerotáxi
1%

Score Distribution

Percentile by Number Answered

Percent of People with Each Score

Your Score History

You have not taken this quiz since the last reset